Statystyki dla Dopasuj punkt orientacyjny do państwa #1

Kliknij tutaj aby rozwiązać quiz!

Ogólne statystyki

  • Ten quiz został rozwiązany 5 898 razy
  • Średni wynik to 16 z 28

Statystyki odpowiedzi

Punkt orientacyjnyKraj% Poprawnych
KremlRosja
95%
Pałac BuckinghamWielka Brytania
93%
Krzywa Wieża w PizieWłochy
91%
Tadź MahalIndie
89%
Wielki SfinksEgipt
86%
Burdż ChalifaZjednoczone Emiraty
Arabskie
83%
Statua Chrystusa ZbawicielaBrazylia
81%
AkropolGrecja
80%
Ściana PłaczuIzrael
78%
Bazylika św. PiotraWatykan
75%
Machu PicchuPeru
73%
Space NeedleStany Zjednoczone
68%
Kasyno w Monte CarloMonako
62%
Hagia SophiaTurcja
55%
Zakazane MiastoChiny
53%
KilimandżaroTanzania
53%
Wieża CNKanada
46%
Arc du CarrouselFrancja
41%
Abradż al-BajtArabia Saudyjska
36%
Angkor WatKambodża
36%
PetraJordania
35%
Hotel RyugyŏngKorea Północna
35%
Petronas TowersMalezja
30%
HallgrimskirkjaIslandia
27%
AlhambraHiszpania
26%
Zamek Dobrej NadzieiRepublika Południowej
Afryki
24%
Posągi MoaiChile
23%
Posągi Buddy w Bamianie
(aktualnie zniszczone)
Afganistan
18%

Rozkład punktacji

Percentyl według liczby udzielonych odpowiedzi

Procent ludzi z każdym wynikiem

Twoja historia wyników

Nie rozwiązałeś tego quizu